Regional organisations : (Record no. 65805)

MARC details
000 -LEADER
fixed length control field 00574nam a22001577a 4500
005 - DATE AND TIME OF LATEST TRANSACTION
control field 20120430112823.0
020 ## - INTERNATIONAL STANDARD BOOK NUMBER
Terms of availability 00.00
035 ## - SYSTEM CONTROL NUMBER
System control number A-386973
037 ## - SOURCE OF ACQUISITION
Stock number DPL
Source of stock number/acquisition ENG
245 ## - TITLE STATEMENT
Title Regional organisations :
Remainder of title A third world perspective /
Statement of responsibility, etc edited by Rama S. Melkote
260 ## - PUBLICATION, DISTRIBUTION, ETC. (IMPRINT)
Place of publication, distribution, etc New Delhi
Name of publisher, distributor, etc Sterling Publishers Pvt. Ltd.
Date of publication, distribution, etc 1990
300 ## - PHYSICAL DESCRIPTION
Extent xix, 206p.
Dimensions 20 cms.
700 ## - ADDED ENTRY--PERSONAL NAME
Personal name Melkote, Rama S.
9 (RLIN) 46029
942 ## - ADDED ENTRY ELEMENTS (KOHA)
Source of classification or shelving scheme Dewey Decimal Classification
Item type English Books
Classification part 327
Call number suffix MEL
Holdings
Withdrawn status Lost status Not for loan Collection code Home library Current library Date acquired Cost, normal purchase price Full call number Barcode Cost, replacement price Koha item type
      Non-fiction Sarojini Nagar Sarojini Nagar 30/04/2012 0.00 327 MEL A-386973 0.00 English Books

© Delhi Public Library
Hit Counter
free hit counter